000 00776nam a2200265Ia 4500
005 20260302114720.0
008 008 260114s9999 xx 000 0 eng d
020 _a9798881890568
037 _aTextbook
040 _aCRL
040 _beng
040 _cCRL
041 _2eng
041 _aeng
084 _qCRL
100 _aChristopher Allan Black
_91119535
245 4 _aThe Anti-Gallows Movement in Antebellum Literature Cesare Beccaria, Montesquieu, and Republican Criminal Justice Reform 1772-1862
260 _bBloomsbury
260 _bLexington Books
260 _c2024
650 _aLiterary Studies
856 _uhttps://doi.org/10.5040/9798881890568?locatt=label:secondary_bloomsburyCollections
942 _cEBOOK
999 _c1683581
_d1683581